Strzelcy bramek w 7 kolejce Bundesligi w sezonie 2020/21. - Statystyki

Ogólne statystyki
  • Ten quiz został rozwiązany 9 razy
  • Średni wynik to 10 z 36
Statystyki odpowiedzi
Mecz Piłkarz % Poprawnych
Dortmund - Bayern 1:2 Lewandowski
100%
Dortmund - Bayern 2:3 Haaland
88%
Dortmund - Bayern 1:0 Reus
75%
Dortmund - Bayern 1:3 Sane
75%
Dortmund - Bayern 1:1 Alaba
63%
Augsburg - Hertha 0:3 Piątek
63%
Leverkusen - Monchengladbach 0:1 Stindl
50%
Leverkusen - Monchengladbach 1:2 Stindl
50%
Wolfsburg - Hoffenheim 2:0 Weghorst
50%
Leverkusen - Monchengladbach 1:1 Alario
38%
Leverkusen - Monchengladbach 2:2 Alario
38%
Augsburg - Hertha 0:1 Cunha
38%
Union Berlin - Bielefeld 4:0 Kruse
38%
Mainz - Schalke 1:1 Uth
38%
Leverkusen - Monchengladbach 3:2 Bailey
25%
Leverkusen - Monchengladbach 4:3 Lazaro
25%
RB Lipsk - Freiburg 2:0 Sabitzer
25%
RB Lipsk - Freiburg 3:0 Angelino
13%
Stuttgart - Frankfurt 1:0 Gonzalez
13%
RB Lipsk - Freiburg 1:0 Konate
13%
Augsburg - Hertha 0:2 Lukebakio
13%
Mainz - Schalke 2:1 Mateta
13%
Werder Brema - Koln 0:1 (bramka samobójcza) Moisander
13%
Stuttgart - Frankfurt 2:1 Silva
13%
Wolfsburg - Hoffenheim 1:0 Steffen
13%
Mainz - Schalke 2:2 (bramka samobójcza) St. Juste
13%
Stuttgart - Frankfurt 2:2 Abraham
0%
Wolfsburg - Hoffenheim 2:1 Adamyan
0%
Union Berlin - Bielefeld 2:0 Andrich
0%
Leverkusen - Monchengladbach 4:2 Baumgartlinger
0%
Union Berlin - Bielefeld 3:0 Becker
0%
Werder Brema - Koln 1:1 Bittencourt
0%
Mainz - Schalke 1:0 Brosinski
0%
Stuttgart - Frankfurt 2:0 Castro
0%
Union Berlin - Bielefeld 1:0 Endo
0%
Union Berlin - Bielefeld 5:0 Teuchert
0%
Nie znaleziono quizów pasujących do podanych kryteriów
Rozkład punktacji
Procent ludzi z każdym wynikiem
Percentyl według liczby udzielonych odpowiedzi
Twoja historia wyników
Nie rozwiązałeś tego quizu